000 00838nam a2200229 4500
003 CO-ViMGA
020 _a9789585959859
040 _aCO-ViMGA
_bspa
_cCO-ViMGA
082 0 4 _a305.8
_bD18g
100 1 _aDavis, Wade,
_d1953-
_98663
245 1 0 _aLos guardianes de la sabiduría ancestral :
_bsu importancia en el mundo moderno /
_cWade Davis.
260 _aMedellín :
_bSílaba Editores,
_c2016.
300 _a218 páginas ;
_b24 cm.
490 _aPlan Nacional de Lectura y Escritura Leer es mi Cuento / Ministerio de Cultura
650 1 4 _aAntropilogía cultura
_xHistoria
_98665
650 1 4 _aCulturas indígenas
_xHistoria
_98664
650 1 4 _aEtnología
_98666
650 1 4 _aGrupos étnicos
_xHistoria
_98667
700 1 _aMerio, Juan Fermnado,
_e1954-,
_98669
700 1 _aPombo, Juan Manuel,
_eTraductor
_98668
942 _2ddc
_cBK
999 _c7617
_d7617